000
00326 a2200169 4500
001
175429
020
_a
85-262-4968-1
040
_c
Magnum
100
_a
Machado, SÃdio
240
1
0
_a
Biologia
_l
por
245
1
0
_a
Biologia
300
_a
536
362
0
_a
2004
440
1
_a
Scipione
697
_a
BIOLOGIA
942
_c
BK
999
_c
175429
_d
175429